| 000 | 00684nam a2200205Ia 4500 | ||
|---|---|---|---|
| 001 | 19052 | ||
| 003 | GE_BSU | ||
| 008 | 181216s||||||||xx |||||||||||||| ||und|| | ||
| 040 | _cGE_BSU | ||
| 245 | _aПолитическая наука.№1, 2016 | ||
| 245 | _bполитическая организация разделенных обществ | ||
| 245 | _cГл.ред Мелешкина Е.Ю. Ред.О.Г.Харитонова | ||
| 260 | _aМосква | ||
| 260 | _bроссийская академия наук | ||
| 260 | _c2016 | ||
| 300 | _a235стр,20см, | ||
| 653 | _aПолитическая наука. | ||
| 653 | _aპერიოდიკა | ||
| 942 | _cCR | ||
| 999 |
_c52048 _d52048 |
||